Fast Typing A - Statistics

General Stats
  • This quiz has been taken 131 times
  • The average score is 237 of 404
Answer Stats
A % Correct
a
100%
a
100%
a
98%
a
98%
a
98%
a
98%
a
98%
a
97%
a
97%
a
97%
a
95%
a
95%
a
95%
a
95%
a
95%
a
95%
a
95%
a
95%
a
95%
a
95%
a
95%
a
95%
a
95%
a
95%
a
95%
a
95%
a
95%
a
95%
a
95%
a
95%
a
95%
a
95%
a
95%
a
95%
a
95%
a
95%
a
95%
a
95%
a
95%
a
95%
a
95%
a
95%
a
95%
a
94%
a
94%
a
94%
a
90%
a
89%
a
89%
a
89%
a
89%
a
89%
a
89%
a
89%
a
89%
a
89%
a
89%
a
89%
a
89%
a
87%
a
87%
a
87%
a
87%
a
87%
a
87%
a
87%
a
87%
a
84%
a
84%
a
84%
a
83%
a
79%
a
79%
a
79%
a
79%
a
78%
a
78%
a
78%
a
78%
a
76%
a
76%
a
76%
a
76%
a
76%
a
76%
a
76%
a
76%
a
76%
a
76%
a
76%
a
75%
a
75%
a
73%
a
71%
a
71%
a
71%
a
71%
a
71%
a
70%
a
70%
a
70%
a
70%
a
70%
a
70%
a
68%
a
68%
a
68%
a
67%
a
67%
a
67%
a
67%
a
67%
a
67%
a
65%
a
65%
a
65%
a
65%
a
65%
a
65%
a
65%
a
65%
a
65%
a
65%
a
65%
a
65%
a
65%
a
63%
a
62%
a
62%
a
62%
a
62%
a
62%
a
62%
a
62%
a
60%
a
60%
a
60%
a
60%
a
59%
a
59%
a
59%
a
59%
a
59%
a
59%
a
59%
a
59%
a
59%
a
59%
a
59%
a
59%
a
59%
a
59%
a
59%
a
59%
a
59%
a
59%
a
59%
a
59%
a
59%
a
59%
a
59%
a
59%
a
59%
a
59%
a
59%
a
59%
a
59%
a
59%
a
59%
a
59%
a
59%
a
59%
a
59%
a
59%
a
59%
a
59%
a
59%
a
59%
a
59%
a
59%
a
59%
a
59%
a
59%
a
59%
a
59%
a
59%
a
59%
a
59%
a
59%
a
59%
a
59%
a
59%
a
59%
a
57%
a
57%
a
57%
a
57%
a
57%
a
57%
a
57%
a
57%
a
57%
a
57%
a
57%
a
57%
a
57%
a
57%
a
57%
a
57%
a
57%
a
57%
a
57%
a
57%
a
57%
a
57%
a
57%
a
57%
a
57%
a
57%
a
57%
a
57%
a
57%
a
57%
a
57%
a
57%
a
57%
a
57%
a
57%
a
57%
a
57%
a
57%
a
57%
a
57%
a
57%
a
57%
a
57%
a
57%
a
57%
a
57%
a
57%
a
57%
a
57%
a
57%
a
57%
a
57%
a
57%
a
57%
a
57%
a
57%
a
57%
a
57%
a
57%
a
57%
a
57%
a
57%
a
57%
a
57%
a
57%
a
57%
a
56%
a
56%
a
56%
a
56%
a
56%
a
56%
a
56%
a
56%
a
54%
a
52%
a
52%
a
52%
a
52%
a
52%
a
52%
a
52%
a
52%
a
52%
a
52%
a
51%
a
51%
a
51%
a
51%
a
51%
a
51%
a
49%
a
49%
a
48%
a
43%
a
43%
a
43%
a
41%
a
41%
a
41%
a
41%
a
41%
a
40%
a
40%
a
40%
a
40%
a
40%
a
38%
a
38%
a
38%
a
38%
a
38%
a
38%
a
38%
a
38%
a
38%
a
38%
a
38%
a
38%
a
38%
a
38%
a
38%
a
38%
a
38%
a
38%
a
38%
a
38%
a
38%
a
38%
a
38%
a
38%
a
38%
a
38%
a
38%
a
38%
a
38%
a
38%
a
38%
a
38%
a
38%
a
38%
a
38%
a
38%
a
38%
a
37%
a
37%
a
37%
a
37%
a
37%
a
37%
a
37%
a
37%
a
37%
a
37%
a
37%
a
37%
a
35%
a
35%
a
35%
a
35%
a
35%
a
35%
a
35%
a
35%
a
35%
a
35%
a
35%
a
35%
a
35%
a
30%
a
30%
a
30%
a
30%
a
30%
a
30%
a
30%
a
30%
a
30%
a
30%
a
30%
a
29%
a
29%
a
29%
a
29%
a
29%
a
29%
a
29%
a
29%
a
29%
a
29%
a
27%
a
27%
a
27%
a
27%
a
27%
a
27%
a
27%
a
27%
a
27%
a
27%
a
27%
a
27%
a
27%
a
27%
a
27%
a
27%
a
27%
a
27%
a
27%
a
27%
a
27%
No matching quizzes found
Score Distribution
Percent of People with Each Score
Percentile by Number Answered
Your Score History
You have not taken this quiz